|
|
|
|
| LEADER |
01813nam a2200325 a 4500 |
| 001 |
29381 |
| 003 |
BD-DhAAL |
| 008 |
150615s2015 bg b 000 0 eng d |
| 040 |
|
|
|a BD-DhAAL
|c BD-DhAAL
|
| 082 |
0 |
0 |
|a 347.5492
|2 21
|
| 100 |
1 |
|
|a Islam, Mahmudul.
|9 12077
|
| 245 |
1 |
4 |
|a The law of civil procedure :
|b commentary on the Code of Civil Procedure and the Civil Courts Act.
|n Volume 1 /
|c Mahmudul Islam and Probir Neogi.
|
| 250 |
|
|
|a 2nd ed.
|
| 260 |
|
|
|a Dhaka, Bangladesh :
|b Mullick Brothers,
|c 2015.
|
| 300 |
|
|
|a xlviii, 1100 ;
|c 22 cm.
|
| 362 |
0 |
|
|a Vol. 1 (C.P.s.1 to Or. 21 r. 59)
|
| 500 |
|
|
|a Spine title: The Law of Civil Procedure
|
| 504 |
|
|
|a Includes bibliographical references.
|
| 541 |
1 |
|
|e 29381
|
| 610 |
1 |
0 |
|a Bangladesh.
|t Code of Civil Procedure.
|9 12078
|
| 650 |
|
0 |
|a Civil procedure
|z Bangladesh.
|9 12079
|
| 700 |
1 |
|
|a Neogi, Probir.
|9 12080
|
| 740 |
0 |
|
|a Civil procedure code.
|
| 852 |
4 |
|
|a Ayesha Abed Library
|j General Shelf
|
| 942 |
|
|
|2 ddc
|c BK
|0 3
|
| 999 |
|
|
|c 34724
|d 34724
|
| 952 |
|
|
|0 0
|1 0
|2 ddc
|4 0
|6 347_549200000000000_ISL
|7 0
|9 54300
|a BRACUL
|b BRACUL
|c GEN
|d 2015-06-15
|e Karim International
|g 1950.00
|l 9
|m 113
|o 347.5492 ISL
|p 3010029381
|r 2025-09-23
|s 2025-03-03
|t 1
|w 2015-06-15
|y BK
|
| 952 |
|
|
|0 0
|1 0
|2 ddc
|4 0
|6 347_549200000000000_ISL
|7 0
|9 54301
|a BRACUL
|b BRACUL
|c GEN
|d 2015-06-15
|e Karim International
|g 1950.00
|l 8
|m 77
|o 347.5492 ISL
|p 3010029382
|r 2025-04-28
|s 2024-10-06
|t 2
|w 2015-06-15
|y BK
|
| 952 |
|
|
|0 0
|1 0
|2 ddc
|4 0
|6 347_549200000000000_ISL
|7 0
|9 54302
|a BRACUL
|b BRACUL
|c GEN
|d 2015-06-15
|e Karim International
|g 1950.00
|l 13
|m 135
|o 347.5492 ISL
|p 3010029383
|r 2026-04-30
|s 2025-09-18
|t 3
|w 2015-06-15
|y BK
|
| 952 |
|
|
|0 0
|1 0
|2 ddc
|4 0
|6 347_549200000000000_ISL
|7 0
|9 54303
|a BRACUL
|b BRACUL
|c GEN
|d 2015-06-15
|e Karim International
|g 1950.00
|l 11
|m 115
|o 347.5492 ISL
|p 3010029384
|q 2026-06-02
|r 2026-02-01
|s 2026-02-01
|t 4
|w 2015-06-15
|y BK
|